[Event "FRA-chT2 Nord 0708"]
[Site "France"]
[Date "2008.04.06"]
[Round "11.3"]
[White "Sohier, Julien"]
[Black "Julve, Philippe"]
[Result "1-0"]
[WhiteElo "2272"]
[BlackElo "2228"]
[PlyCount "67"]
[EventDate "2007.10.21"]
[EventType "team"]
[EventRounds "11"]
[EventCountry "FRA"]
[SourceTitle "EXT 2009"]
[Source "ChessBase"]
[SourceDate "2008.11.26"]
[SourceVersion "1"]
[SourceVersionDate "2008.11.26"]
[SourceQuality "1"]
[WhiteTeam "Club 608"]
[BlackTeam "Lille"]
[WhiteTeamCountry "FRA"]
[BlackTeamCountry "FRA"]

1. e4 g6 2. d4 d6 3. Nc3 Bg7 4. f4 c6 5. Nf3 Bg4 6. Be3 Qb6 7. Qd2 Qxb2 8. Rb1 Qa3 9. Rxb7 Bc8 10. Rb3 Qa5 11. d5 Bxc3 12. Qxc3 Qxc3+ 13. Rxc3 c5 14. Ra3 Nf6 15. Nd2 Nbd7 16. Bd3 0-0 17. Nc4 Rb8 18. 0-0 a6 19. Na5 Re8 20. Bd2 Rb6 21. c4 h5 22. Nc6 Nb8 23. Ba5 Rb2 24. Nxb8 Rxb8 25. e5 dxe5 26. fxe5 Ng4 27. e6 f5 28. Bc2 Rb2 29. Ba4 Rf8 30. d6 Bb7 31. Rg3 h4 32. Rxg4 fxg4 33. Rxf8+ Kxf8 34. d7 1-0

[Event "FRA-chT1A 0607"]
[Site "France"]
[Date "2006.11.25"]
[Round "2.5"]
[White "Guyard, Rodolphe"]
[Black "Julve, Philippe"]
[Result "0-1"]
[WhiteElo "2127"]
[BlackElo "2236"]
[PlyCount "73"]
[EventDate "2006.10.15"]
[EventType "team-tourn"]
[EventRounds "11"]
[EventCountry "FRA"]
[SourceTitle "EXT 2008"]
[Source "ChessBase"]
[SourceDate "2007.11.25"]
[SourceVersion "1"]
[SourceVersionDate "2007.11.25"]
[SourceQuality "1"]
[WhiteTeam "Evry Grand Roque II"]
[BlackTeam "Lille"]
[WhiteTeamCountry "FRA"]
[BlackTeamCountry "FRA"]

1. e4 c5 2. Nf3 d6 3. d4 Nf6 4. Nc3 cxd4 5. Nxd4 a6 6. Be2 e6 7. 0-0 Be7 8. Qd3 Nbd7 9. Qg3 0-0 10. Bh6 Ne8 11. Be3 Bh4 12. Qh3 Ne5 13. f4 Nc6 14. Nf3 Bf6 15. e5 dxe5 16. Bd3 h6 17. Rad1 Qc7 18. fxe5 Nxe5 19. Nxe5 Bxe5 20. Rf3 f5 21. g4 f4 22. Rdf1 Bxc3 23. bxc3 e5 24. Qh4 Nf6 25. g5 hxg5 26. Qxg5 Bg4 27. R3f2 Bh3 28. Bxf4 exf4 29. Re1 Rae8 30. Rxe8 Rxe8 31. Rxf4 Qb6+ 32. Rd4 Qb1+ 33. Kf2 Qe1+ 34. Kf3 Qh1+ 35. Kg3 Qg1+ 36. Kh4 Qxh2 37. Qf4 0-1

[Event "FRA-chT2D 0506"]
[Site "France"]
[Date "2006.02.05"]
[Round "7.5"]
[White "Julve, Philippe"]
[Black "Roumegous, Marina"]
[Result "1/2-1/2"]
[WhiteElo "2230"]
[BlackElo "2174"]
[PlyCount "136"]
[EventDate "2005.10.27"]
[EventType "team-tourn"]
[EventRounds "11"]
[EventCountry "FRA"]
[SourceTitle "EXT 2006"]
[Source "ChessBase"]
[SourceDate "2005.11.24"]
[SourceVersion "1"]
[SourceVersionDate "2005.11.24"]
[SourceQuality "1"]
[WhiteTeam "Lille"]
[BlackTeam "Evry II"]
[WhiteTeamCountry "FRA"]
[BlackTeamCountry "FRA"]

1. d4 Nf6 2. Bg5 e6 3. e4 h6 4. Bxf6 Qxf6 5. Nc3 d6 6. Qd2 g6 7. 0-0-0 Bg7 8. f4 Qe7 9. Nf3 Nd7 10. Bd3 c6 11. g4 e5 12. dxe5 dxe5 13. f5 Nc5 14. Qe3 b6 15. Rhg1 Bb7 16. Bc4 b5 17. Be2 Nd7 18. h4 Qc5 19. Qd2 0-0-0 20. Bd3 Nb6 21. Qe2 Kb8 22. Nd2 Qe7 23. g5 hxg5 24. hxg5 Bf8 25. Nb3 Qc7 26. Qf2 Nd7 27. fxg6 fxg6 28. Qf7 b4 29. Na4 c5 30. Nd2 Bc6 31. b3 Bxa4 32. bxa4 Nb6 33. Qxc7+ Kxc7 34. Bb5 a5 35. Rdf1 Be7 36. Rf7 Kd6 37. Nb3 Ke6 38. Rg7 Rdg8 39. Rxg8 Rxg8 40. Nxa5 Ra8 41. Nc6 Nxa4 42. Bc4+ Kd6 43. Nxe7 Kxe7 44. Rf1 Rf8 45. Rxf8 Kxf8 46. Kd2 Nc3 47. Kd3 Ke7 48. Bg8 Nd1 49. Kc4 Kd6 50. Bf7 Nf2 51. Bxg6 Nh3 52. c3 bxc3 53. Kxc3 Nxg5 54. Kc4 Nf3 55. a4 Nd2+ 56. Kc3 Nb1+ 57. Kb2 Na3 58. Kb3 Nb1 59. a5 Nd2+ 60. Kc3 Nb1+ 61. Kd3 Na3 62. Bf7 Kc6 63. Bc4 Kb7 64. Kc3 Nb1+ 65. Kc2 Na3+ 66. Kb3 Nb1 67. Bd3 Nd2+ 68. Kc3 Nxe4+ 1/2-1/2

[Event "FRA-chT2D 0506"]
[Site "France"]
[Date "2006.01.15"]
[Round "6.3"]
[White "Kempenich, Jean Michel"]
[Black "Julve, Philippe"]
[Result "1/2-1/2"]
[WhiteElo "2095"]
[BlackElo "2230"]
[PlyCount "57"]
[EventDate "2005.10.27"]
[EventType "team-tourn"]
[EventRounds "11"]
[EventCountry "FRA"]
[SourceTitle "EXT 2006"]
[Source "ChessBase"]
[SourceDate "2005.11.24"]
[SourceVersion "1"]
[SourceVersionDate "2005.11.24"]
[SourceQuality "1"]
[WhiteTeam "Paris NAO II"]
[BlackTeam "Lille"]
[WhiteTeamCountry "FRA"]
[BlackTeamCountry "FRA"]

1. e4 c5 2. Nf3 d6 3. d4 cxd4 4. Qxd4 Nc6 5. Bb5 Bd7 6. Bxc6 Bxc6 7. Nc3 Nf6 8. Bg5 e6 9. 0-0-0 Be7 10. Rhe1 Qa5 11. Kb1 0-0 12. Qd2 Rfd8 13. Nd4 h6 14. Bxf6 Bxf6 15. Nd5 Qxd2 16. Nxf6+ gxf6 17. Rxd2 Rac8 18. c4 Kf8 19. b3 Ke7 20. Kb2 Rg8 21. f3 Rg5 22. Nc2 f5 23. exf5 Rxf5 24. Nd4 Rh5 25. g3 Kf6 26. f4 Rc5 27. Nc2 d5 28. Re5 b6 29. cxd5 1/2-1/2

[Event "FRA-chT Gp-B"]
[Site "France"]
[Date "2004.04.04"]
[Round "7"]
[White "Guadalpi, David"]
[Black "Julve, Philippe"]
[Result "1-0"]
[WhiteElo "2274"]
[BlackElo "2297"]
[PlyCount "107"]
[EventDate "2004.01.30"]
[EventType "team"]
[EventRounds "7"]
[EventCountry "FRA"]
[SourceTitle "EXT 2005"]
[Source "ChessBase"]
[SourceDate "2004.11.15"]
[SourceVersion "1"]
[SourceVersionDate "2004.11.15"]
[SourceQuality "1"]
[WhiteTeam "Strasbourg"]
[BlackTeam "Lille"]
[WhiteTeamCountry "FRA"]
[BlackTeamCountry "FRA"]

1. e4 c5 2. Nf3 d6 3. Bb5+ Nd7 4. d4 cxd4 5. Qxd4 e5 6. Qd3 h6 7. 0-0 Ngf6 8. c4 Be7 9. Nc3 0-0 10. Bxd7 Bxd7 11. Rd1 Bc6 12. Nd2 a6 13. a4 b6 14. b3 Re8 15. Rb1 Bf8 16. Nf1 Re6 17. Ne3 g6 18. Ned5 Nd7 19. Qh3 h5 20. Be3 Rc8 21. Qg3 Kh7 22. Bg5 Qe8 23. Qh4 Bg7 24. Be3 f5 25. f3 Bh6 26. Bxh6 Kxh6 27. exf5 gxf5 28. Ne3 Qg6 29. Ncd5 Qg5 30. Qxg5+ Kxg5 31. g3 f4 32. h4+ Kh6 33. Nf5+ Kh7 34. Nfe7 Bxd5 35. Nxc8 Bxf3 36. Rxd6 Rxd6 37. Nxd6 fxg3 38. Rf1 e4 39. Nxe4 Bxe4 40. Rf7+ Kg6 41. Rxd7 Kf5 42. Rg7 Kf4 43. b4 Bd3 44. c5 bxc5 45. bxc5 Be4 46. a5 g2 47. Kf2 Bd5 48. Rg5 Bf3 49. Rg6 Be4 50. Rxa6 Kg4 51. c6 Kh3 52. Kg1 Kxh4 53. c7 Bb7 54. Rb6 1-0

[Event "FRA-chT Gp-B"]
[Site "France"]
[Date "2004.04.02"]
[Round "5"]
[White "Kosten, Anthony C"]
[Black "Julve, Philippe"]
[Result "1-0"]
[WhiteElo "2507"]
[BlackElo "2297"]
[PlyCount "45"]
[EventDate "2004.01.30"]
[EventType "team"]
[EventRounds "7"]
[EventCountry "FRA"]
[SourceTitle "EXT 2005"]
[Source "ChessBase"]
[SourceDate "2004.11.15"]
[SourceVersion "1"]
[SourceVersionDate "2004.11.15"]
[SourceQuality "1"]
[WhiteTeam "Monaco"]
[BlackTeam "Lille"]
[WhiteTeamCountry "FRA"]
[BlackTeamCountry "FRA"]

1. Nf3 Nf6 2. c4 d6 3. g3 g6 4. b4 Bg7 5. Bb2 0-0 6. Bg2 e5 7. 0-0 Re8 8. d3 Na6 9. Qb3 c5 10. a3 Nd7 11. Nc3 Nb6 12. Nd2 Bh6 13. e3 Nc7 14. bxc5 dxc5 15. a4 Rb8 16. Nde4 Bf8 17. Nb5 Nxb5 18. axb5 f5 19. Nc3 Be6 20. Nd5 Bxd5 21. cxd5 Nc8 22. e4 Qb6 23. d6+ 1-0

[Event "FRA-chT Gp-B"]
[Site "France"]
[Date "2004.01.31"]
[Round "2"]
[White "Julve, Philippe"]
[Black "Collas, Didier"]
[Result "1/2-1/2"]
[WhiteElo "2297"]
[BlackElo "2436"]
[PlyCount "50"]
[EventDate "2004.01.30"]
[EventType "team"]
[EventRounds "7"]
[EventCountry "FRA"]
[SourceTitle "CBM 098 Extra"]
[Source "ChessBase"]
[SourceDate "2004.03.10"]
[SourceVersion "2"]
[SourceVersionDate "2004.03.10"]
[SourceQuality "1"]
[WhiteTeam "Lille"]
[BlackTeam "Clichy"]
[WhiteTeamCountry "FRA"]
[BlackTeamCountry "FRA"]

1. c4 e5 2. Nc3 Nf6 3. Nf3 Nc6 4. a3 g6 5. d3 Bg7 6. Bg5 h6 7. Bh4 d6 8. e3 Ne7 9. d4 exd4 10. Nxd4 Nf5 11. Nxf5 Bxf5 12. f3 0-0 13. e4 Be6 14. Be2 g5 15. Bf2 Nd7 16. Bd4 Ne5 17. Nd5 f5 18. exf5 Bxf5 19. 0-0 c6 20. f4 cxd5 21. fxe5 Bxe5 22. Bxe5 dxe5 23. Qxd5+ Qxd5 24. cxd5 Rac8 25. Rxf5 Rxf5 1/2-1/2

[Event "FRA-chT2S 0203"]
[Site "France"]
[Date "2003.??.??"]
[Round "5.8"]
[White "Julve, Philippe"]
[Black "De Bonnieres, Philippe"]
[Result "1-0"]
[WhiteElo "2298"]
[BlackElo "2050"]
[PlyCount "79"]
[EventDate "2002.10.??"]
[EventType "team"]
[EventRounds "11"]
[EventCountry "FRA"]
[SourceTitle "EXT 2004"]
[Source "ChessBase"]
[SourceDate "2003.11.25"]
[SourceVersion "1"]
[SourceVersionDate "2003.11.25"]
[SourceQuality "1"]
[WhiteTeam "Lille"]
[BlackTeam "Le Touquet"]
[WhiteTeamCountry "FRA"]
[BlackTeamCountry "FRA"]

1. d4 d5 2. c4 dxc4 3. e4 e5 4. Nf3 exd4 5. Bxc4 Nc6 6. 0-0 Be7 7. Qb3 Na5 8. Bxf7+ Kf8 9. Qa4 c5 10. Ne5 Nf6 11. Bd2 Nc6 12. Nxc6 bxc6 13. Bb3 Nxe4 14. Qxc6 Nxd2 15. Nxd2 Rb8 16. Rfe1 Rb6 17. Qa4 Ba6 18. Re5 Qc7 19. Rae1 Bb5 20. Qa3 Rh6 21. h3 Bd6 22. Rf5+ Rf6 23. Rxf6+ gxf6 24. Bd5 Kg7 25. Qf3 Rf8 26. Re4 Kh8 27. Rg4 f5 28. Qxf5 Qe7 29. Qe4 Qxe4 30. Nxe4 Be7 31. Nd2 Bd7 32. Re4 Bd6 33. Nc4 Bb8 34. g4 Re8 35. Nd2 Re5 36. Rxe5 Bxe5 37. Ne4 d3 38. Nxc5 d2 39. Bf3 Bb5 40. b3 1-0

[Event "FRA-chT2S 0203"]
[Site "France"]
[Date "2003.??.??"]
[Round "7.3"]
[White "Julve, Philippe"]
[Black "Large, Laurent"]
[Result "1-0"]
[WhiteElo "2298"]
[BlackElo "2167"]
[PlyCount "75"]
[EventDate "2002.10.??"]
[EventType "team"]
[EventRounds "11"]
[EventCountry "FRA"]
[SourceTitle "EXT 2004"]
[Source "ChessBase"]
[SourceDate "2003.11.25"]
[SourceVersion "1"]
[SourceVersionDate "2003.11.25"]
[SourceQuality "1"]
[WhiteTeam "Lille"]
[BlackTeam "Le Vesinet"]
[WhiteTeamCountry "FRA"]
[BlackTeamCountry "FRA"]

1. d4 g6 2. e4 c5 3. d5 Bg7 4. a4 d6 5. Bd3 Nf6 6. c4 e6 7. Nc3 exd5 8. exd5 0-0 9. Nge2 Ng4 10. Bf4 Ne5 11. 0-0 Nbd7 12. Nc1 Re8 13. Be2 Nb6 14. Qb3 g5 15. Bd2 g4 16. a5 Qh4 17. Ne4 g3 18. Nf6+ Qxf6 19. fxg3 Qg6 20. axb6 Ng4 21. Bxg4 Bxg4 22. bxa7 Bd4+ 23. Kh1 Re7 24. Nd3 Qg7 25. Rfe1 Qf6 26. Qb6 Be2 27. Nf4 Bxc4 28. Rxe7 Qxe7 29. Re1 Qd7 30. Bc3 Bxc3 31. bxc3 Qa4 32. Qxb7 Rxa7 33. Qb8+ Kg7 34. Nh5+ Kg6 35. Qxd6+ Kxh5 36. Re5+ Kg4 37. h3+ Kxg3 38. Rf5+ 1-0

[Event "FRA-chT2"]
[Site "France"]
[Date "2002.03.09"]
[Round "8"]
[White "Morais, Mario1111"]
[Black "Julve, Philippe"]
[Result "0-1"]
[WhiteElo "2113"]
[BlackElo "2283"]
[PlyCount "72"]
[EventDate "2002.??.??"]
[EventType "team"]
[EventRounds "11"]
[EventCountry "FRA"]
[SourceTitle "EXT 2003"]
[Source "ChessBase"]
[SourceDate "2002.11.25"]
[SourceVersion "1"]
[SourceVersionDate "2002.11.25"]
[SourceQuality "1"]
[WhiteTeam "Livry Gargan"]
[BlackTeam "Lille"]
[WhiteTeamCountry "FRA"]
[BlackTeamCountry "FRA"]

1. d4 g6 2. Nf3 Bg7 3. c4 d6 4. Nc3 Bg4 5. g3 Nc6 6. d5 Ne5 7. Bg2 h5 8. h4 Nh6 9. Bf4 0-0 10. Qa4 Bxf3 11. Bxf3 Nxf3+ 12. exf3 Nf5 13. 0-0 Nd4 14. Kg2 e5 15. Be3 Nf5 16. Ne4 Nxe3+ 17. fxe3 Bh6 18. f4 Qc8 19. Rae1 Qf5 20. Ng5 e4 21. Qb5 a6 22. Qb3 Rfe8 23. Qd1 b5 24. b3 bxc4 25. bxc4 Rab8 26. Rf2 Bg7 27. Rh1 Bf6 28. g4 hxg4 29. Kg3 Rb4 30. Rc2 Reb8 31. Qxg4 Rb1 32. Rhh2 Re1 33. Rce2 Rbb1 34. h5 Rxe2 35. Qxf5 Rg1+ 36. Kh4 Rxh2+ 0-1

[Event "FRA-chT2"]
[Site "France"]
[Date "2002.02.03"]
[Round "7.4"]
[White "Julve, Philippe"]
[Black "Jadoul, Michel"]
[Result "0-1"]
[WhiteElo "2283"]
[BlackElo "2395"]
[PlyCount "60"]
[EventDate "2002.??.??"]
[EventType "team"]
[EventRounds "11"]
[EventCountry "FRA"]
[SourceTitle "EXT 2003"]
[Source "ChessBase"]
[SourceDate "2002.11.25"]
[SourceVersion "1"]
[SourceVersionDate "2002.11.25"]
[SourceQuality "1"]

1. d4 Nf6 2. Nf3 g6 3. Bg5 Bg7 4. Nc3 d5 5. e3 0-0 6. Bd3 c5 7. 0-0 cxd4 8. exd4 Bg4 9. h3 Bxf3 10. Qxf3 e6 11. Rfd1 Nbd7 12. Qe3 Qa5 13. Ne2 Rfc8 14. g4 Rc6 15. c3 Nb6 16. b3 Nc8 17. a4 Nd6 18. f3 Rac8 19. Kg2 a6 20. Bh6 Bh8 21. h4 Nd7 22. h5 e5 23. Bf5 exd4 24. Nxd4 Rxc3 25. Qd2 Nxf5 26. Nxf5 Qd8 27. Qxd5 gxf5 28. Qxd7 Qxd7 29. Rxd7 Rc2+ 30. Kh1 Bxa1 0-1

[Event "FRA-chT2"]
[Site "France"]
[Date "2001.11.17"]
[Round "2"]
[White "Fournet, Arnaud"]
[Black "Julve, Philippe"]
[Result "1/2-1/2"]
[WhiteElo "2267"]
[BlackElo "2283"]
[PlyCount "61"]
[EventDate "2002.??.??"]
[EventType "team"]
[EventRounds "11"]
[EventCountry "FRA"]
[SourceTitle "EXT 2003"]
[Source "ChessBase"]
[SourceDate "2002.11.25"]
[SourceVersion "1"]
[SourceVersionDate "2002.11.25"]
[SourceQuality "1"]

1. e4 c5 2. Nf3 e6 3. d4 cxd4 4. Nxd4 a6 5. Nc3 Qc7 6. Be2 b5 7. 0-0 Bb7 8. Be3 Nf6 9. Bf3 Nc6 10. Nxc6 Bxc6 11. Re1 Bd6 12. g3 0-0 13. a3 Be5 14. Qd3 Rac8 15. Bd4 Rfd8 16. Bxe5 Qxe5 17. Rad1 Ne8 18. Re3 a5 19. Qd4 Qb8 20. b4 Qa8 21. Be2 d6 22. Nxb5 e5 23. Qa7 axb4 24. axb4 Bxe4 25. Qxa8 Bxa8 26. c4 f6 27. Bg4 Rb8 28. Red3 Kf7 29. Nxd6+ Nxd6 30. Rxd6 Rxd6 31. Rxd6 1/2-1/2

[Event "FRA-chT"]
[Site "France"]
[Date "1998.02.07"]
[Round "2"]
[White "Conquest, Stuart"]
[Black "Julve, Philippe"]
[Result "1-0"]
[WhiteElo "2480"]
[BlackElo "2235"]
[PlyCount "49"]
[EventDate "1998.02.06"]
[EventType "team"]
[EventRounds "11"]
[EventCountry "FRA"]
[SourceTitle "CBM 064 Extra"]
[Source "ChessBase"]
[SourceDate "1998.07.07"]
[SourceVersion "1"]
[SourceVersionDate "1998.07.07"]
[SourceQuality "1"]

1. e4 g6 2. d4 Bg7 3. c3 d6 4. Bg5 Nf6 5. Nd2 0-0 6. Qc2 c6 7. Ngf3 b5 8. a4 Qb6 9. h3 Bb7 10. Bd3 Nbd7 11. 0-0 a6 12. b4 e5 13. dxe5 Nxe5 14. Nxe5 dxe5 15. Nb3 Bc8 16. Ra3 Rb8 17. Rfa1 Nd7 18. Be7 Re8 19. Bd6 Ra8 20. c4 Bb7 21. c5 Qd8 22. Na5 Qc8 23. Qa2 Bf8 24. Bxf8 Nxf8 25. axb5 1-0

[Event "FRA-chTA 9697"]
[Site "France"]
[Date "1997.??.??"]
[Round "1"]
[White "Coupet, Pascal"]
[Black "Julve, Philippe"]
[Result "1-0"]
[WhiteElo "2290"]
[BlackElo "2235"]
[PlyCount "61"]
[EventDate "1997.??.??"]
[EventType "team"]
[EventRounds "7"]
[EventCountry "FRA"]
[SourceTitle "EXT 1999"]
[Source "ChessBase"]
[SourceDate "1998.11.16"]
[SourceVersion "1"]
[SourceVersionDate "1998.11.16"]
[SourceQuality "1"]

1. e4 g6 2. d4 Bg7 3. Nf3 d6 4. Nc3 Nd7 5. Bc4 e6 6. h4 h6 7. Qe2 a6 8. a4 Ne7 9. Be3 b6 10. Rd1 Bb7 11. Bb3 Qb8 12. h5 g5 13. Nh2 Nf6 14. f4 Nxe4 15. Nxe4 Bxe4 16. fxg5 Qb7 17. 0-0 hxg5 18. Bxg5 Rg8 19. d5 Bxd5 20. Bxd5 Nxd5 21. Qf3 f6 22. c4 0-0-0 23. cxd5 fxg5 24. Qg4 Kb8 25. dxe6 Bxb2 26. h6 Rde8 27. Rf7 Rg6 28. Rxd6 Rxh6 29. Nf3 Qc8 30. Qb4 cxd6 31. Qxb6+ 1-0

[Event "FRA-chTA 9697"]
[Site "France"]
[Date "1997.??.??"]
[Round "7"]
[White "Moingt, Jean Claude"]
[Black "Julve, Philippe"]
[Result "1-0"]
[WhiteElo "2315"]
[BlackElo "2235"]
[PlyCount "93"]
[EventDate "1997.??.??"]
[EventType "team"]
[EventRounds "7"]
[EventCountry "FRA"]
[SourceTitle "EXT 1999"]
[Source "ChessBase"]
[SourceDate "1998.11.16"]
[SourceVersion "1"]
[SourceVersionDate "1998.11.16"]
[SourceQuality "1"]

1. Nf3 Nf6 2. g3 b5 3. Bg2 Bb7 4. d3 e6 5. 0-0 Be7 6. e4 d6 7. Nbd2 c5 8. Qe2 Nc6 9. c3 Qb6 10. d4 cxd4 11. Nxd4 Nxd4 12. cxd4 d5 13. e5 Nd7 14. Qg4 g5 15. Qh5 Qxd4 16. Nf3 Qe4 17. Bxg5 Qg6 18. Qxg6 hxg6 19. Bf4 0-0 20. h4 Rfc8 21. Rfc1 Nc5 22. Bf1 a6 23. Be3 Na4 24. Bd4 b4 25. Nd2 Bc5 26. Bxc5 Rxc5 27. Rxc5 Nxc5 28. Rc1 Rc8 29. b3 Kg7 30. f4 f6 31. exf6+ Kxf6 32. Rc2 e5 33. fxe5+ Kxe5 34. Nf3+ Kd6 35. Ng5 Ke5 36. Nf3+ Ke4 37. Bh3 Rc6 38. Ng5+ Ke3 39. Rc1 Kd2 40. Rf1 Nd3 41. Rf7 Rc1+ 42. Bf1 Bc8 43. Rf6 Ne5 44. Rd6 Rc5 45. Ne4+ Ke3 46. Nxc5 Nf3+ 47. Kh1 1-0

[Event "FRA-chT"]
[Site "France"]
[Date "1994.??.??"]
[Round "5"]
[White "Boudre, Jean Pierre"]
[Black "Julve, Philippe"]
[Result "1-0"]
[WhiteElo "2390"]
[BlackElo "2135"]
[PlyCount "61"]
[EventDate "1994.??.??"]
[EventType "team"]
[EventRounds "11"]
[EventCountry "FRA"]
[SourceTitle "EXT 1999"]
[Source "ChessBase"]
[SourceDate "1998.11.16"]
[SourceVersion "1"]
[SourceVersionDate "1998.11.16"]
[SourceQuality "1"]

1. e4 g6 2. d4 Bg7 3. Nf3 d6 4. c3 a6 5. Bd3 Nd7 6. 0-0 e6 7. Re1 b6 8. Nbd2 Ne7 9. a4 Bb7 10. Nf1 h6 11. Ng3 c5 12. Bc2 c4 13. b3 cxb3 14. Bxb3 Qc7 15. Ba3 Rd8 16. Rc1 e5 17. Qe2 0-0 18. h4 Nc6 19. h5 Kh7 20. Nh4 Nf6 21. Bxf7 g5 22. Bg6+ Kh8 23. Nhf5 Ne8 24. Qc4 Qb8 25. Bxe8 Rfxe8 26. Nxg7 Kxg7 27. Nf5+ Kf6 28. Nxh6 Rd7 29. Qd3 Bc8 30. Qf3+ Kg7 31. Qf5 1-0

[Event "FRA-chT"]
[Site "France"]
[Date "1994.??.??"]
[Round "?"]
[White "Miralles, Gilles"]
[Black "Julve, Philippe"]
[Result "1-0"]
[WhiteElo "2455"]
[BlackElo "2135"]
[PlyCount "75"]
[EventDate "1994.??.??"]
[EventType "team"]
[EventRounds "11"]
[EventCountry "FRA"]
[SourceTitle "TD"]
[Source "ChessBase"]
[SourceDate "1994.03.01"]
[SourceVersion "1"]
[SourceVersionDate "1994.03.01"]
[SourceQuality "1"]

1. d4 Nf6 2. c4 g6 3. Nf3 Bg7 4. g3 0-0 5. Bg2 d6 6. Nc3 Nc6 7. 0-0 a6 8. h3 Bd7 9. e4 e5 10. Be3 exd4 11. Nxd4 Re8 12. Re1 h5 13. Rc1 Nh7 14. Nd5 Nf8 15. Qd2 Ne6 16. Nxe6 Bxe6 17. Bg5 f6 18. Be3 Ne5 19. f4 Nd7 20. f5 Bf7 21. fxg6 Bxg6 22. Nf4 Bf7 23. Qd1 Re5 24. Bd4 Rg5 25. Rc3 Qe8 26. h4 Ra5 27. Nd5 Rc8 28. Bh3 c6 29. Bxd7 Qxd7 30. Nb6 Qe6 31. Nxc8 Qxc8 32. Bb6 Re5 33. Qxd6 Qg4 34. Qb8+ Kh7 35. Qxb7 Bg6 36. Rce3 Bxe4 37. Kh2 Rf5 38. Rxe4 1-0